000
00317nam a2200133Ia 4500
008
160319s9999 xx 000 0 und d
245
_a
University of Santo Tomas Singers /
260
_a
Manila :
260
_b
JB Music
260
_c
2000
300
_a
1 sound disc :
300
_b
digital :
300
_c
4 3/4 in.
999
_c
292759
_d
292759